000 02783cam a22006734i 4500
003 PE-LiUPU
005 20250731170455.0
008 150706s2010 sp a rb 000 0 spa d
020 _a9788471123350
035 _a(Sirsi) i9788471123350
040 _aPE-LiUPU
_bspa
_cPE-LiUPU
_erda
049 _aPRUA
082 0 4 _a153.4
_bP83
_221
100 1 _aPozo, Juan Ignacio,
_eautor.
245 1 0 _aTeorías cognitivas del aprendizaje /
_cJuan Ignacio Pozo.
250 _a10a ed.
264 1 _aMadrid :
_bMorata,
_c[2010].
300 _a286 páginas :
_bilustraciones ;
_c24 centímetros
336 _atext
_2rdacontent
337 _aunmediated
_2rdamedia
338 _avolume
_2rdacarrier
490 0 _aPsicología, Manuales
504 _aIncluye bibliografía.
505 0 _aLa psicología del aprendizaje: del conductismo a la psicología cognitiva -- El conductismo como programa de investigación -- El procesamiento de información como programa de investigación -- Aprendizaje por asociación -- Formación de conceptos artificiales -- Formación de conceptos naturales -- Teorías computacionales -- Aprendizaje por reestructuración -- Teorías de la reestructuración -- Hacia una integración de asociación y reestructuración en la instrucción.
526 _aSEG68
526 _aSEG70
526 _aSEG69
526 _aSEG67
526 _aSEG43
526 _aP144
526 _aP143
526 _aP131
526 _aP122
526 _aP120
526 _aP117
526 _aP112
526 _aP110
526 _aP106
526 _aP101
526 _aP80
526 _aP59
526 _aP54
526 _aP35
526 _aP33
526 _aP30
541 _g045-0004382;
541 _g045-0004382;
650 0 4 _aPsicología del aprendizaje.
_9227
650 0 4 _aCognición
_xTeorías.
650 0 4 _aPsicología cognoscitiva.
910 _agl
_bjv
_cng
_d20121213
942 _2ddc
_cBOOK
949 _a153.4 P83
_wDEWEY
_c1
_i65992
_lCCODEBUL1
_mBUL
_p34.00
_r0
_sY
_tBOOK
_u2015-7-6
_xSALUD
_PP33
_o.STAFF. Colección General
949 _a153.4 P83
_wDEWEY
_c2
_i65993
_lCCODEBUL1
_mBUL
_p34.00
_r0
_sY
_tBOOK
_u2015-7-6
_xSALUD
_PP33
_o.STAFF. Colección General
994 _aC0
_bPEPRU
596 _a1
999 _a153.4 P83
_wDEWEY
_c54358
_i65992
_d54358
_e2018-5-21
_f2021-11-3
_g5
_lCCODEBUL1
_mBUL
_n14
_p34.00
_q8
_r0
_sY
_tBOOK
_u2015-7-6
_xSALUD
_PP33
_0COMPRA
_o.STAFF. Colección Ciencias de la Salud
999 _a153.4 P83
_wDEWEY
_c2
_i65993
_d2019-10-15
_e2017-10-11
_f2021-11-3
_g5
_lCCODEBUL1
_mBUL
_n9
_p34.00
_q10
_r0
_sY
_tBOOK
_u2015-7-6
_xSALUD
_PP33
_0COMPRA
_o.STAFF. Colección Ciencias de la Salud
980 _81
_gALBERTO SANCHEZ Responsable de Automatización